000 00667nam a2200241Ia 4500
005 20260121111838.0
008 1289 260114s9999 xx 000 0 eng d
020 _a9789812773203
037 _aEBOOK
040 _aCRL
_beng
_cCRL
041 _aeng
_2eng
084 _qCRL
100 _aMisawa Mitsuru
_9948201
245 0 _aCurrent Business and Legal Issues in Japan'S Banking and Finance Industry
260 _bWorld Scientific
260 _bWSPC
260 _c2006
650 _aAsian Studies
_9948202
856 _uhttps://www.worldscientific.com/worldscibooks/10.1142/6154#t=toc
942 _cEBOOK
999 _c1538589
_d1538589